Textbook of Biochemistry / (Record no. 133968)

MARC details
000 -LEADER
campo de control de longitud fija 00543nam a2200181 i 4500
001 - NÚMERO DE CONTROL
campo de control 133968
003 - IDENTIFICADOR DE NÚMERO DE CONTROL
campo de control ES-MaACL
005 - FECHA Y HORA DE LA ÚLTIMA TRANSACCIÓN
campo de control 20230906194553.0
007 - CAMPO FIJO DE DESCRIPCIÓN FÍSICA--INFORMACIÓN GENERAL
campo de control de longitud fija t|
008 - DATOS DE LONGITUD FIJA--INFORMACIÓN GENERAL
campo de control de longitud fija 070904s1955 xxu ||||1| eng d
100 1# - ENTRADA PRINCIPAL--NOMBRE DE PERSONA
Nombre de persona West, Edward Staunton.
9 (RLIN) 116541
245 10 - MENCIÓN DEL TÍTULO
Título Textbook of Biochemistry /
Mención de responsabilidad, etc. Edward Staunton West, Wilbert R. Todd.
250 ## - MENCION DE EDICION
Mención de edición 2nd. ed.
260 ## - PUBLICACIÓN, DISTRIBUCIÓN, ETC.
Lugar de publicación, distribución, etc. New York :
Nombre del editor, distribuidor, etc. The Macmillan Company,
Fecha de publicación, distribución, etc. 1955.
300 ## - DESCRIPCIÓN FÍSICA
Extensión XII, 1356 p. :
Otras características físicas il. ;
Dimensiones 24 cm.
700 1# - ENTRADA AGREGADA--NOMBRE PERSONAL
Nombre de persona Todd, Wilbert R.
9 (RLIN) 110405
852 ## - LOCALIZACIÓN
Ubicación ES-MaACL
Número de control de estantería C-10901
Sublocalización o colección R.39095
Holdings
Estatus retirado Estado de pérdida Estado de daño No para préstamo Biblioteca de origen Biblioteca actual Ubicación en estantería Fecha de adquisición Fuente de adquisición Total de préstamos Signatura topográfica completa Código de barras Visto por última vez Precio de reemplazo Tipo de ítem Koha
        Biblioteca del Ateneo de Madrid Biblioteca del Ateneo de Madrid Sala Palomar 17/01/2008     C-10901 1139452 23/02/2023 23/02/2023 Libro impreso